000
002610000a22001210004500
041
0
_a
espaƱol
082
0
4
_a
DVD 048
110
1
_a
Walt Disney
245
1
0
_a
Art attack 3 / Disney chanel
505
0
0
_a
Actividades. duracion 168 min.
001
1201
942
_c
LGB
999
_c
48375
_d
48375